000 00527 a2200181 4500
999 _c4550
_d4550
010 _aENG-86434
020 _a818157480X
_c180.00
035 _aEN-69967
037 _bDBAD / PUB
082 1 4 _a881
100 1 _aBanerjee, Ipsito
245 1 _aKaleidoscope /
_cby Ipsito Banerjee
260 _aKolkata
_bWriters Workshop
_c2006
270 _a162/42, Lake Gardens,
_bCalcutta
_cWest Bengal
_e700 045
300 _a76p.
_c22cm (Hb)
490 _aWriters workshop redbird book
942 _adpl
_cEN
_2ddc
_h881
_mBAN